000
00324nam a22001457a 4500
008
221011b ||||| |||| 00| 0 eng d
020
_a
683020730
041
_a
eng
080
_2
SIXTEENTH EDITION
_a
611
082
_a
611 COP
100
_a
15.1
101
_a
HIS
245
_a
HISTOLOGY
_c
COPENHAVER M.W
942
_2
udc
_c
BK
999
_c
58475
_d
58475